Some Acoustic And Aerodynamic Studies in Stuttering / (رقم التسجيلة. 179144)

تفاصيل مارك
000 -LEADER
fixed length control field 01366namaa22003251i 4500
005 - أخر تعامل مع التسجيلة
control field 20260402115932.0
008 - FIXED-LENGTH DATA ELEMENTS--GENERAL INFORMATION
fixed length control field 260402s1995 ua a|||frm||| 000 0 eng d
040 ## - CATALOGING SOURCE
Original cataloguing agency EG-GICUC
Language of cataloging eng
Transcribing agency EG-GICUC
Modifying agency EG-GICUC
Description conventions rda
041 0# - LANGUAGE CODE
Language code of text/sound track or separate title eng
Language code of summary or abstract eng
-- ara
049 ## - Acquisition Source
Acquisition Source Deposit
097 ## - Degree
Degree M.Sc
099 ## - LOCAL FREE-TEXT CALL NUMBER (OCLC)
Local Call Number Cai01.11.12.M.Sc.1995.Az.S
100 0# - MAIN ENTRY--PERSONAL NAME
Authority record control number or standard number Azza Adel Aziz,
Preparation preparation.
245 10 - TITLE STATEMENT
Title Some Acoustic And Aerodynamic Studies in Stuttering /
Statement of responsibility, etc. By Azza Adel Aziz ; Supervised Dr. Mohamed Shafik Khalifa, Dr. Ahmed Mostafa Bassiouny, Dr. Ashraf S. Abou El-Ezz
246 15 - VARYING FORM OF TITLE
Title proper/short title بعض الدراسات الصوتية والهوائية لحالات التلعثم
264 #0 - PRODUCTION, PUBLICATION, DISTRIBUTION, MANUFACTURE, AND COPYRIGHT NOTICE
Date of production, publication, distribution, manufacture, or copyright notice 1995.
300 ## - PHYSICAL DESCRIPTION
Extent 107 Leaves
Other physical details illustrations
Dimensions 30 cm. +
336 ## - CONTENT TYPE
Source rda content
Content type term text
337 ## - MEDIA TYPE
Source rdamedia
Media type term Unmediated
338 ## - CARRIER TYPE
Source rdacarrier
Carrier type term volume
502 ## - DISSERTATION NOTE
Dissertation note Thesis (M.Sc.)-Cairo University, 1995
504 ## - BIBLIOGRAPHY, ETC. NOTE
Bibliography, etc. note Bibliography: pages 92-107
653 #0 - INDEX TERM--UNCONTROLLED
Uncontrolled term Some Acoustic And Aerodynamic Studies in Stuttering
700 0# - ADDED ENTRY--PERSONAL NAME
Personal name Mohamed Shafik Khalifa
Relator term thesis advisor.
700 0# - ADDED ENTRY--PERSONAL NAME
Personal name Ahmed Mostafa Bassiouny
Relator term thesis advisor.
700 0# - ADDED ENTRY--PERSONAL NAME
Personal name Ashraf S. Abou El-Ezz
Relator term thesis advisor.
900 ## - Thesis Information
Department Department of E.N.T
Faculties Faculty of Medicine
Universities Cairo University
Grant date 1995
Supervisory body Mohamed Shafik Khalifa
-- Ahmed Mostafa Bassiouny
-- Ashraf S. Abou El-Ezz
905 ## - Cataloger and Reviser Names
Cataloger Name Nehad
942 ## - ADDED ENTRY ELEMENTS (KOHA)
Source of classification or shelving scheme Dewey Decimal Classification
Koha item type Thesis
Edition 21
Suppress in OPAC No
المقتنيات
Source of classification or shelving scheme Home library Current library Date acquired Inventory number Full call number Barcode Date last seen Effective from Koha item type
Dewey Decimal Classification المكتبة المركزبة الجديدة - جامعة القاهرة مكتبة المئوية 02.04.2026 26955 Cai01.11.12.M.Sc.1995.Az.S 01010110026955000 02.04.2026 02.04.2026 Thesis
Cairo University Libraries Portal Implemented & Customized by: Eng. M. Mohamady Contacts: new-lib@cl.cu.edu.eg | cnul@cl.cu.edu.eg
CUCL logo CNUL logo
© All rights reserved — Cairo University Libraries
CUCL logo
Implemented & Customized by: Eng. M. Mohamady Contact: new-lib@cl.cu.edu.eg © All rights reserved — New Central Library
CNUL logo
Implemented & Customized by: Eng. M. Mohamady Contact: cnul@cl.cu.edu.eg © All rights reserved — Cairo National University Library